000 00475nam a2200205Ia 4500
003 OSt
005 20221006151818.0
006 a|||||r|||| 00| 0
007 ta
008 221006b |||||||| |||| 00| 0 eng d
024 _a23,459
037 _cTextual
040 _aEASL
_cEASL
_beng
041 _2eng
_aeng
245 0 _aMoving toward toward modernization
260 _aBeijing
_bn
300 _ap.
_ccm.
942 _cTEXL
_2CC
999 _c1091545
_d1091545